Le Seigneur des Anneaux - Chant de Pippin - Paroles - Statistiques

Statistiques générales
  • Ce quiz a été pris 336 fois
  • Le résultat moyen est 7 sur 10
Statistiques - réponses
Paroles % Correct
La maison est {derrière}
98%
Le monde est {devant}
98%
Jusqu'à la fin de la {nuit}
84%
A travers l'{ombre}
70%
Nombreux {sentiers} ainsi je prends
69%
Noyés dans l'{obscurité}
69%
Jusqu'à la dernière {étoile} qui luit
68%
Tout va se {mêler}
63%
Tout va... se {mêler}
63%
Brumes et {nuages}
60%
Aucun quiz correspondant
Distribution des résultats
% des personnes avec chaque résultat
Percentile par nombre de réponses
Votre historique - résultats
Vous n’avez pas pris ce quiz